| 000 | 00000nas##2200000za#4500 |
|---|---|
| 001 | 9.504264 |
| 003 | CaOODSP |
| 005 | 20200804090704 |
| 007 | cr ||||||||||| |
| 008 | 150406c1992||||xxc|| m o||||f| |0fre|d |
| 040 | |aCaOODSP|bfre |
| 043 | |an-cn--- |
| 086 | 1 |aSA2-129F-PDF |
| 110 | 2 |aArchives nationales du Canada. |
| 245 | 10|aLes documents de notre histoire |h[ressource électronique] |
| 260 | |aOttawa - Ontario : |bArchives nationales du Canada |
| 775 | 08|tRecords of our history |w(CaOODSP)9.507886 |
| 776 | 0#|tLes documents de notre histoire |w(CaOODSP)9.513226 |